000 00515nam a2200169Ia 4500
008 190805s9999||||xx |||||||||||||| ||und||
020 _a9789353166366
_cRs. 550.00
082 0 4 _a330.954076
_bSi646
100 1 _aSingh, Ramesh
245 1 0 _aIndian Economy : for civil services examination /
_cRamesh Singh
250 _a11th ed.
260 _aChennai :
_bMcGraw Hill Education India,
_c2019
300 _avarious paginations
_b :
_c; 24 cm.
650 0 _aEconomic policy
942 _cBK
999 _c438
_d438